[Event "Spijkenisse op"]
[Site "Spijkenisse"]
[Date "2010.05.16"]
[Round "6"]
[White "Van Lit, Mats"]
[Black "Oosterbaan, Tristan"]
[Result "1-0"]
[WhiteElo "1630"]
[BlackElo "1351"]
[PlyCount "45"]
[EventDate "2010.05.14"]
[EventType "swiss"]
[EventRounds "6"]
[EventCountry "NED"]
[SourceTitle "CBM 136 Extra"]
[Source "ChessBase"]
[SourceDate "2010.07.02"]
[SourceVersion "2"]
[SourceVersionDate "2010.07.15"]
[SourceQuality "1"]

1. e4 e5 2. Nf3 Nc6 3. Nc3 Bb4 4. a3 Ba5 5. b4 Bb6 6. Bb5 d6 7. d4 Bd7 8. Bxc6 Bxc6 9. dxe5 dxe5 10. 0-0 Nf6 11. Qxd8+ Rxd8 12. Nxe5 Bxe4 13. Nxe4 Nxe4 14. Bb2 0-0 15. Nd3 Rfe8 16. Rad1 Rd5 17. c4 Rd7 18. c5 Red8 19. cxb6 axb6 20. f3 c5 21. fxe4 c4 22. Nf2 Rd2 23. Bc3 1-0

[Event "Spijkenisse op"]
[Site "Spijkenisse"]
[Date "2010.05.15"]
[Round "4"]
[White "Hoogland, Rob"]
[Black "Van Lit, Mats"]
[Result "1-0"]
[WhiteElo "1703"]
[BlackElo "1630"]
[PlyCount "89"]
[EventDate "2010.05.14"]
[EventType "swiss"]
[EventRounds "6"]
[EventCountry "NED"]
[SourceTitle "CBM 136 Extra"]
[Source "ChessBase"]
[SourceDate "2010.07.02"]
[SourceVersion "2"]
[SourceVersionDate "2010.07.15"]
[SourceQuality "1"]

1. e4 g6 2. d4 d6 3. c4 Bg7 4. Nc3 Nd7 5. f4 e5 6. fxe5 dxe5 7. d5 a6 8. Nf3 Ne7 9. Bg5 h6 10. Bh4 g5 11. Bf2 f5 12. exf5 Nxf5 13. Bd3 0-0 14. Qc2 Nd6 15. 0-0 Qe7 16. Rae1 b6 17. b4 Nf7 18. Qb3 a5 19. a3 Re8 20. Be4 Rb8 21. bxa5 bxa5 22. Qa4 Ba6 23. Nb5 Bxb5 24. cxb5 Nd6 25. Qxa5 Rxb5 26. Qxc7 Rc8 27. Qa7 Nxe4 28. Rxe4 Rxd5 29. Qb7 Rcc5 30. Bxc5 Qxc5+ 31. Kh1 Nf6 32. Qb8+ Kh7 33. Rxe5 Qc4 34. Qb1+ Kh8 35. Rxd5 Nxd5 36. Rc1 Qa6 37. Qe4 Nf4 38. Qf5 Ne6 39. Re1 Nf8 40. h4 gxh4 41. Nxh4 Qc6 42. Qf3 Qc4 43. Nf5 Qa4 44. Rf1 Qc4 45. Nxg7 1-0

[Event "Twente Young Master op-D"]
[Site "Twente"]
[Date "2007.08.10"]
[Round "11"]
[White "Bijlsma, Nick"]
[Black "Van Lit, Mats"]
[Result "1/2-1/2"]
[WhiteElo "1735"]
[BlackElo "1407"]
[PlyCount "52"]
[EventDate "2007.08.06"]
[EventType "swiss"]
[EventRounds "13"]
[EventCountry "NED"]
[SourceTitle "EXT 2008"]
[Source "ChessBase"]
[SourceDate "2007.11.25"]
[SourceVersion "1"]
[SourceVersionDate "2007.11.25"]
[SourceQuality "1"]

1. e4 c5 2. Nf3 Nc6 3. Bb5 d6 4. Bxc6+ bxc6 5. d3 g6 6. 0-0 Bg7 7. Nc3 d5 8. Rb1 Ba6 9. Re1 d4 10. Na4 c4 11. Nc5 Qb6 12. Nxa6 Qxa6 13. dxc4 Qxa2 14. Bf4 Qxc4 15. Ne5 Qc5 16. b4 Qb6 17. c3 Rd8 18. Qa4 dxc3 19. Nxc6 Rd7 20. Ne5 Bxe5 21. Bxe5 Nf6 22. Rbd1 Qb7 23. Bxc3 0-0 24. Bxf6 Rxd1 25. Rxd1 exf6 26. f3 Rb8 1/2-1/2

[Event "Twente Young Master op-D"]
[Site "Twente"]
[Date "2007.08.10"]
[Round "12"]
[White "Van Lit, Mats"]
[Black "Lentjes, Noud"]
[Result "1/2-1/2"]
[WhiteElo "1407"]
[BlackElo "1697"]
[PlyCount "111"]
[EventDate "2007.08.06"]
[EventType "swiss"]
[EventRounds "13"]
[EventCountry "NED"]
[SourceTitle "EXT 2008"]
[Source "ChessBase"]
[SourceDate "2007.11.25"]
[SourceVersion "1"]
[SourceVersionDate "2007.11.25"]
[SourceQuality "1"]

1. e4 e6 2. d4 d5 3. Nc3 Bb4 4. e5 c5 5. a3 Bxc3+ 6. bxc3 Qc7 7. Bd2 Nc6 8. Qg4 f5 9. Qh5+ g6 10. Qh4 Qe7 11. Qxe7+ Ngxe7 12. Bb5 Bd7 13. Nf3 h6 14. h4 cxd4 15. cxd4 Kd8 16. c3 Kc8 17. 0-0 Nxe5 18. Nxe5 Bxb5 19. Nf7 Bxf1 20. Nxh8 Bc4 21. Bxh6 Kd7 22. Nf7 Nc6 23. Bf4 Rf8 24. Ne5+ Nxe5 25. Bxe5 Rc8 26. f4 Bd3 27. Rc1 Kc6 28. Kf2 Kb5 29. Bd6 Ka4 30. Kf3 Kb3 31. Bb4 b6 32. g3 a5 33. Bd6 Kb2 34. Re1 Be4+ 35. Kf2 Rxc3 36. Re2+ Rc2 37. Rxc2+ Bxc2 38. Ke3 Kb3 39. Kd2 Be4 40. Kc1 b5 41. Kd2 b4 42. axb4 axb4 43. Be7 Kc4 44. Bc5 b3 45. Ba3 Kxd4 46. Bb2+ Kc4 47. Ba3 Bc2 48. Bb2 Bd3 49. Ke3 Bc2 50. Ba1 Bd3 51. Bb2 Bc2 52. Ba1 Kb4 53. Bb2 Kc5 54. Bd4+ Kd6 55. Bb2 Kc5 56. Ba1 1/2-1/2

[Event "Twente Young Master op-D"]
[Site "Twente"]
[Date "2007.08.08"]
[Round "6"]
[White "Van Lit, Mats"]
[Black "Thoma, Sophia"]
[Result "1/2-1/2"]
[WhiteElo "1407"]
[BlackElo "1545"]
[PlyCount "71"]
[EventDate "2007.08.06"]
[EventType "swiss"]
[EventRounds "13"]
[EventCountry "NED"]
[SourceTitle "EXT 2008"]
[Source "ChessBase"]
[SourceDate "2007.11.25"]
[SourceVersion "1"]
[SourceVersionDate "2007.11.25"]
[SourceQuality "1"]

1. e4 e6 2. d4 d5 3. Nc3 Bb4 4. e5 c5 5. a3 Bxc3+ 6. bxc3 Ne7 7. Qg4 Ng6 8. Nf3 Nc6 9. Bd2 c4 10. Be2 a6 11. 0-0 b5 12. Rfb1 Bd7 13. Qg5 Qxg5 14. Nxg5 h6 15. Nh3 Nce7 16. Nf4 0-0 17. g3 Nxf4 18. Bxf4 Ng6 19. Bd2 f6 20. exf6 Rxf6 21. f4 Raf8 22. Rf1 Bc6 23. Rae1 Ne7 24. Bg4 Nf5 25. Re5 Re8 26. Rfe1 Bd7 27. Kf2 Nd6 28. Bf3 Nf7 29. R5e2 Rf8 30. Bg4 Ng5 31. Bf3 Nxf3 32. Kxf3 g5 33. Kg2 gxf4 34. Bxf4 Kh7 35. Rf2 Be8 36. Ref1 1/2-1/2

[Event "Twente Young Master op-D"]
[Site "Twente"]
[Date "2007.08.07"]
[Round "3"]
[White "Drozdowski, Kacper"]
[Black "Van Lit, Mats"]
[Result "1-0"]
[WhiteElo "2119"]
[BlackElo "1407"]
[PlyCount "65"]
[EventDate "2007.08.06"]
[EventType "swiss"]
[EventRounds "13"]
[EventCountry "NED"]
[SourceTitle "EXT 2008"]
[Source "ChessBase"]
[SourceDate "2007.11.25"]
[SourceVersion "1"]
[SourceVersionDate "2007.11.25"]
[SourceQuality "1"]

1. e4 c5 2. Nf3 Nc6 3. d4 cxd4 4. Nxd4 e5 5. Nb5 a6 6. Nd6+ Bxd6 7. Qxd6 Qf6 8. Qxf6 Nxf6 9. Nc3 b5 10. Bd3 Bb7 11. Bg5 Ne7 12. Bxf6 gxf6 13. 0-0-0 Rg8 14. g3 Rc8 15. Rhe1 Rg7 16. a3 d5 17. exd5 Nxd5 18. Nxd5 Bxd5 19. Bxb5+ axb5 20. Rxd5 Rb8 21. Re4 Rg5 22. Kd2 b4 23. Rxb4 Rxb4 24. axb4 Ke7 25. Ke3 Ke6 26. c4 f5 27. b5 Rg4 28. b3 f4+ 29. gxf4 Rxf4 30. b6 Rg4 31. Rd8 Ke7 32. Ra8 Rd4 33. b7 1-0

[Event "NED-ch U13"]
[Site "Rijswijk"]
[Date "2007.05.19"]
[Round "9"]
[White "Evengroen, Bernard"]
[Black "Van Lit, Mats"]
[Result "0-1"]
[WhiteElo "1364"]
[BlackElo "1377"]
[PlyCount "76"]
[EventDate "2007.05.17"]
[EventType "swiss"]
[EventRounds "9"]
[EventCountry "NED"]
[SourceTitle "EXT 2009"]
[Source "ChessBase"]
[SourceDate "2008.11.26"]
[SourceVersion "1"]
[SourceVersionDate "2008.11.26"]
[SourceQuality "1"]

1. e4 c5 2. Nf3 Nc6 3. d4 cxd4 4. Nxd4 e5 5. Nf3 Nf6 6. Nc3 Bb4 7. Bd2 Bxc3 8. Bxc3 Nxe4 9. Bxe5 Nxe5 10. Nxe5 Qa5+ 11. c3 Qxe5 12. Qe2 d6 13. 0-0-0 Bf5 14. Re1 0-0 15. f3 Qf4+ 16. Qe3 Qxe3+ 17. Rxe3 Nc5 18. b4 Ne6 19. g4 Bg6 20. h4 h5 21. gxh5 Bxh5 22. Rg1 Rfe8 23. Bb5 Re7 24. Rd1 a6 25. Bc4 Rd8 26. Rde1 d5 27. Bb3 Kf8 28. Rd1 d4 29. cxd4 Nxd4 30. Red3 Rc8+ 31. Kb2 Re2+ 32. Ka1 Nxb3+ 33. axb3 f6 34. f4 Re3 35. Rd8+ Rxd8 36. Rxd8+ Ke7 37. Rb8 Bf3 38. Kb2 Bd5 0-1

[Event "NED-ch U13"]
[Site "Rijswijk"]
[Date "2007.05.17"]
[Round "1"]
[White "Van Lit, Mats"]
[Black "Maris, Ivo"]
[Result "0-1"]
[WhiteElo "1377"]
[BlackElo "1655"]
[PlyCount "74"]
[EventDate "2007.05.17"]
[EventType "swiss"]
[EventRounds "9"]
[EventCountry "NED"]
[SourceTitle "EXT 2009"]
[Source "ChessBase"]
[SourceDate "2008.11.26"]
[SourceVersion "1"]
[SourceVersionDate "2008.11.26"]
[SourceQuality "1"]

1. b4 e5 2. Bb2 d6 3. e3 Be7 4. a3 Nf6 5. c4 0-0 6. d4 Bg4 7. Be2 Bxe2 8. Nxe2 Nfd7 9. 0-0 f5 10. f4 e4 11. d5 c5 12. Qe1 Bh4 13. Ng3 a6 14. Nd2 b5 15. Rc1 cxb4 16. axb4 a5 17. cxb5 axb4 18. Nb3 Qb6 19. Nd4 Nc5 20. Qe2 Nd3 21. Rcd1 Ra2 22. Rd2 Nd7 23. Ngxf5 Bf6 24. Rb1 Rfa8 25. Qg4 Rxb2 26. Rdxb2 Nxb2 27. Nh6+ Kf8 28. Qxd7 gxh6 29. Qxh7 Bxd4 30. Qf5+ Kg7 31. Qxe4 Bxe3+ 32. Kh1 Qd4 33. Qe7+ Kh8 34. f5 Bg5 35. Qxd6 Nd3 36. Qg3 Nf2+ 37. Kg1 Ne4+ 0-1

[Event "NED-ch U13"]
[Site "Rijswijk"]
[Date "2007.05.17"]
[Round "2"]
[White "Veltkamp, Bastiaan"]
[Black "Van Lit, Mats"]
[Result "1/2-1/2"]
[WhiteElo "1533"]
[BlackElo "1377"]
[PlyCount "91"]
[EventDate "2007.05.17"]
[EventType "swiss"]
[EventRounds "9"]
[EventCountry "NED"]
[SourceTitle "EXT 2009"]
[Source "ChessBase"]
[SourceDate "2008.11.26"]
[SourceVersion "1"]
[SourceVersionDate "2008.11.26"]
[SourceQuality "1"]

1. d4 f5 2. c4 g6 3. Nc3 Bg7 4. Nf3 d6 5. e3 Nf6 6. Bd2 0-0 7. Qb3 Be6 8. Ng5 Bf7 9. d5 b6 10. Ne2 c6 11. Nxf7 Rxf7 12. Nf4 cxd5 13. Ne6 Qc8 14. cxd5 Nbd7 15. Rc1 Nc5 16. Nxc5 bxc5 17. Bc4 Rb8 18. Ba6 Qe8 19. Qa3 Nxd5 20. Bc3 Nxc3 21. bxc3 e6 22. 0-0 Qc6 23. Be2 Rfb7 24. Bf3 d5 25. Rfd1 c4 26. h3 a6 27. Ra1 Rb2 28. Qe7 Bxc3 29. Rac1 Bb4 30. Qf6 Bd2 31. Ra1 c3 32. Kh2 Qd6+ 33. g3 Qc6 34. a3 Bxe3 35. Bxd5 Rxf2+ 36. Kh1 Qxd5+ 37. Rxd5 exd5 38. Qe6+ Kf8 39. Qd6+ Kf7 40. Qxb8 c2 41. Qc7+ Ke6 42. Qc6+ Ke5 43. Re1 d4 44. Qc5+ Ke4 45. Qc4 g5 46. Qc6+ 1/2-1/2

[Event "NED-ch U13"]
[Site "Rijswijk"]
[Date "2006.05.27"]
[Round "7"]
[White "Van Lit, Mats"]
[Black "Meng, Roger"]
[Result "0-1"]
[WhiteElo "1393"]
[BlackElo "1651"]
[PlyCount "109"]
[EventDate "2006.05.25"]
[EventType "swiss"]
[EventRounds "9"]
[EventCountry "NED"]
[SourceTitle "EXT 2009"]
[Source "ChessBase"]
[SourceDate "2008.11.26"]
[SourceVersion "1"]
[SourceVersionDate "2008.11.26"]
[SourceQuality "1"]

1. e4 c5 2. c3 d5 3. exd5 Qxd5 4. Nf3 Nf6 5. d3 Nc6 6. Be3 e6 7. Be2 Be7 8. Nbd2 0-0 9. Qb3 Qd6 10. 0-0 b6 11. Rad1 Bb7 12. Rfe1 Bd8 13. Ne4 Qb8 14. Nfd2 Ne5 15. f3 Nd5 16. Bf2 Nf4 17. Qc2 Bc7 18. Bg3 Nxe2+ 19. Rxe2 Ba6 20. Nf1 Rd8 21. Nf2 c4 22. d4 Nd3 23. Bxc7 Qxc7 24. Ne3 Rac8 25. Red2 h6 26. Nxd3 cxd3 27. Qb1 Qf4 28. Ng4 h5 29. Nf2 Qe3 30. Kh1 Rd5 31. Nxd3 h4 32. Ne5 f5 33. Qc2 g5 34. Rf2 Rxd4 35. cxd4 Rxc2 36. Rxc2 g4 37. fxg4 fxg4 38. Nxg4 Qf4 39. Nf2 Qf5 40. Rcd2 Bb7 41. Kg1 Qg5 42. Nh3 Qe3+ 43. Nf2 Ba6 44. h3 Be2 45. Rxe2 Qxe2 46. Rc1 Qxb2 47. Rc8+ Kg7 48. Rc7+ Kg6 49. Rc6 Qxa2 50. d5 Qxd5 51. Rc1 a5 52. Rd1 Qc5 53. Kf1 b5 54. Nd3 Qf5+ 55. Ke2 0-1